Rozuzlení /

Hlavní autor: Kaverin, Veniamin Aleksandrovič, 1902-1989
Jazyk: Čeština
Vydáno: Praha : Mladá fronta, 1988
Vydání: 1. vyd.
Edice: Máj (Mladá fronta)
Externí odkaz: Digitalizovaný dokument
Fyzický popis: 182 s.
Knihy
Uloženo v:
LEADER 01171nam a22003132a 4500
001 000829065
003 CZ BrMZK
005 20061017102145.0
007 ta
008 061017s1988 xr a er|||||||||||cze d
015 |a cnb000043175 
040 |a BOA001  |b cze 
041 1 |a cze  |h rus 
080 9 |a 882-32=850 
100 1 |a Kaverin, Veniamin Aleksandrovič,  |d 1902-1989  |7 jn19990210320  |4 aut 
245 1 0 |a Rozuzlení /  |c Veniamin Alexandrovič Kaverin ; [z ruských originálů ... přeložila Jaroslava Slouková ; doslov a medailon autora napsal Ladislav Zadražil ; ilustroval Jiří Pavlík] 
250 |a 1. vyd. 
260 |a Praha :  |b Mladá fronta,  |c 1988 
300 |a 182 s. 
490 1 |a Máj ;  |v sv. 523 
765 0 |t Fetyaščij počerk  |9 Česky 
765 0 |t Škol'nyj spektakl  |9 Česky 
765 0 |t Zagadka a Razgadka  |9 Česky 
830 0 |a Máj (Mladá fronta)  |0 s 
856 4 1 |u http://www.digitalniknihovna.cz/mzk/uuid/uuid:7275b320-a1cd-11e2-9a9f-005056827e51  |y Digitalizovaný dokument  |x NDK 
910 |a BOA001  |b 2-0935.948 
990 |a BK 
991 |b 200610 
996 6 |b 2619332149  |c 2-0935.948  |l MZK  |r Sklad / do 1 hodiny  |n 1  |w 000829065  |u 000010  |a 1  |e BOA001  |j MZK50  |s P